Personnages le flambeau fr - Statistiques

Statistiques générales
  • Ce quiz a été pris 312 fois
  • Le résultat moyen est 13 sur 19
Statistiques - réponses
Nom % Correct
Marc
97%
Anne
84%
Soraya
80%
Annick
79%
Alexandra
78%
Patrice
76%
William
76%
Tony Tonic
74%
Philippe
70%
Carole
69%
Chataléré
68%
Marina
68%
Yvan
60%
Soso
59%
Hervé
56%
Jean Guy
56%
Marco
52%
Dr Juiphe
47%
Lionel
5%
Aucun quiz correspondant
Distribution des résultats
% des personnes avec chaque résultat
Percentile par nombre de réponses
Votre historique - résultats
Vous n’avez pas pris ce quiz